[Event "Canterbury op"]
[Site "Canterbury"]
[Date "2003.??.??"]
[Round "3.8"]
[White "Williams, Pablo"]
[Black "Heremaia, Ngawati"]
[Result "1-0"]
[WhiteElo "1496"]
[BlackElo "1258"]
[PlyCount "71"]
[EventDate "2003.10.25"]
[EventType "swiss"]
[EventRounds "6"]
[EventCountry "NZL"]
[SourceTitle "CBM 097 Extra"]
[Source "ChessBase"]
[SourceDate "2004.01.13"]
[SourceVersion "1"]
[SourceVersionDate "2004.01.13"]
[SourceQuality "1"]

1. e4 e6 2. d4 d5 3. Nd2 c5 4. Ngf3 cxd4 5. Be2 Nc6 6. 0-0 dxe4 7. Nxe4 e5 8. Bb5 Bd6 9. Nxd6+ Qxd6 10. Re1 f6 11. Nh4 Nge7 12. f4 0-0 13. b3 a6 14. Bd3 Be6 15. a4 Nd5 16. Qd2 Rad8 17. f5 Bf7 18. Be4 Nc3 19. Kf1 b6 20. Kg1 Ne7 21. Qd3 a5 22. Qg3 g6 23. fxg6 Nxe4 24. gxf7+ Kxf7 25. Rxe4 Rg8 26. Qd3 Rc8 27. Ba3 Qe6 28. Bxe7 Kxe7 29. Rf1 Rc3 30. Qd2 Qc8 31. Qxd4 Rxc2 32. Nf5+ Kf8 33. Qd6+ Kf7 34. Nh6+ Kg6 35. Qxf6+ Kh5 36. Rh4# 1-0